[Event "GM"]
[Site "Geneve SUI"]
[Date "2007.01.27"]
[Round "8"]
[White "Khenkin,I"]
[Black "Vuilleumier,A"]
[Result "1-0"]
[WhiteElo "2611"]
[BlackElo "2368"]

1.d4 d5 2.Nf3 Nf6 3.c4 e6 4.Nc3 Be7 5.Bf4 O-O 6.e3 c5 7.dxc5 Na6 8.cxd5 Nxd5
9.Nxd5 exd5 10.Be5 Nxc5 11.Be2 Bf5 12.O-O Rc8 13.Rc1 Qb6 14.Bd4 Be4 15.Ne5 Qd6
16.Rxc5 Rxc5 17.Bxc5 Qxe5 18.Bxe7 Qxe7 19.Qd4 Rc8 20.f3 Bg6 21.Qxa7 Rc2 22.Bd1 Rxb2
23.Qb8+ Qf8 24.Qxf8+ Kxf8 25.Bb3 Bd3 26.Rc1 Bc4 27.Bxc4 dxc4 28.Rxc4 Rxa2
29.Rc8+ Ke7 30.Rc7+ Kf6 31.Rxb7 g5 32.Rb6+ Kg7 33.Rb5 Kg6 34.e4 f6 35.Rb6 Kg7
36.Rb7+ Kg6 37.Rb6 Kg7 38.h4 gxh4 39.Kh2 Re2 40.Kh3 Kf7 41.Rb5 Kg6 42.Rf5 h5
43.Rd5 Kh6 44.Rd8 Kg7 45.Rc8 Kh7 46.Kxh4 Rxg2 47.Kxh5 Rg5+ 48.Kh4 Kg7 49.Rc7+ Kg6
50.f4 Rg1 51.f5+ Kh6 52.Re7 Ra1 53.Rf7 Ra6 54.Kg4 Rb6 55.Kf4 Ra6 56.Ke3 Rd6
57.Ke2 Kg5 58.Ke3 Kh6 59.Rc7 Ra6 60.Kd4 Kg5 61.Kd5 Kf4 62.Re7 Ra5+ 63.Kd6 Ra4
64.Re6 Ra7 65.Kc6 Kf3 66.Re8 Kf4 67.Kd6 Ra4 68.Re6 Ra7 69.Kc6 Kf3 70.Kd5 Kf4
71.Kd6 Rb7 72.Re7 Rb4 73.Kd5 Ra4 74.Re8 Ra5+ 75.Kd6 Ra6+ 76.Kd7 Ra4 77.Re6 Kg5
78.Ke8 Ra8+ 79.Kf7 Ra7+ 80.Re7 Ra4 81.Kg7 Ra6 82.Kf7 Ra4 83.Kg8 Ra8+ 84.Kh7 Ra4
85.Rg7+ Kf4 86.Kg6 Kxe4 87.Kxf6 Ra5 88.Rg4+ Kd5 89.Rg1 Ra6+ 90.Kg5 Kd6 91.Re1 Kd7
92.f6 Ra2 93.f7 Rf2 94.Kg6 Rg2+ 95.Kh7 Rf2 96.Kg7 Rg2+ 97.Kf8 Rg3 98.Rd1+ Kc6
99.Rd4 Kc5 100.Rd7 Kc6 101.Ke8 Rf3 102.Re7  1-0

[Event "Bundesliga 2006-7"]
[Site "Katernberg GER"]
[Date "2007.02.04"]
[Round "9"]
[White "Levin,F"]
[Black "Graf,A"]
[Result "1/2-1/2"]
[WhiteElo "2510"]
[BlackElo "2610"]

1.d4 Nf6 2.c4 e6 3.Nf3 d5 4.Nc3 Be7 5.Bf4 O-O 6.e3 c5 7.dxc5 Bxc5 8.Qc2 Nc6
9.Rd1 Qe7 10.a3 Rd8 11.cxd5 exd5 12.Be2 Be6 13.O-O Rac8 14.Qa4  1/2-1/2

[Event "FSIMB February"]
[Site "Budapest HUN"]
[Date "2007.02.11"]
[Round "9"]
[White "Weiler,W"]
[Black "Lengyel,B"]
[Result "0-1"]
[WhiteElo "2149"]
[BlackElo "2323"]

1.d4 d5 2.c4 e6 3.Nc3 Nf6 4.Nf3 Be7 5.Bf4 O-O 6.e3 c5 7.dxc5 Bxc5 8.Qc2 Nc6
9.a3 Qa5 10.Rc1 Be7 11.Qa4 Qxa4 12.Nxa4 Bd7 13.Nc3 Rfc8 14.cxd5 Nxd5 15.Nxd5 exd5
16.Ne5 Nxe5 17.Rxc8+ Rxc8 18.Bxe5 Ba4 19.g3 Rc1+ 20.Kd2 Rc2+ 21.Kd3 Rxf2
22.Bh3 Bc2+  0-1

[Event "US Amateur Team East"]
[Site "Parsippany USA"]
[Date "2007.02.18"]
[Round "3"]
[White "Miloslavsky,V"]
[Black "Martirosov,V"]
[Result "0-1"]
[WhiteElo "2255"]
[BlackElo "2249"]

1.d4 d5 2.c4 e6 3.Nc3 Be7 4.Nf3 Nf6 5.Bf4 O-O 6.e3 c5 7.Rc1 cxd4 8.exd4 dxc4
9.Bxc4 a6 10.a4 Nc6 11.O-O Qb6 12.Qb3 Qxb3 13.Bxb3 Nb4 14.Rfd1 Bd7 15.Bc7 Rfc8
16.Bb6 Nfd5 17.Nxd5 Nxd5 18.Bc5 Bd8 19.Ne5 Be8 20.Nc4 b6 21.Ba3 Bg5 22.Rc2 b5
23.axb5 axb5 24.Ne3 Nxe3 25.Rxc8 Rxc8 26.fxe3 Bxe3+ 27.Kh1 b4 28.Bxb4 Rb8
29.Rd3 Rxb4 30.Rxe3 Rxd4 31.Rc3 Kf8 32.Kg1 Ke7 33.Bc2 Rd2 34.b4 h5 35.Be4 Rb2
36.Rc7+ Kd6 37.Rb7 g5 38.Rb8 Bd7 39.Ba8 f5 40.h3 g4 41.g3 Rb1+ 42.Kg2 Ra1
43.Kh2 Kc7 44.Rh8 Ra2+ 45.Kg1 gxh3 46.Bf3 Bc6 47.Bxc6 Kxc6 48.Rxh5 Rg2+ 49.Kf1 Rxg3
50.Rh6 Kd5 51.b5 Rb3 52.b6  0-1

[Event "Aeroflot Open"]
[Site "Moscow RUS"]
[Date "2007.02.19"]
[Round "6"]
[White "Dreev,A"]
[Black "Khairullin,I"]
[Result "0-1"]
[WhiteElo "2658"]
[BlackElo "2586"]

1.d4 Nf6 2.c4 e6 3.Nf3 d5 4.Nc3 Be7 5.Bf4 O-O 6.Qc2 Nbd7 7.cxd5 exd5 8.e3 c6
9.Bd3 Re8 10.h3 Nf8 11.O-O Ne6 12.Bh2 g6 13.Rab1 Ng7 14.b4 a6 15.Na4 Bf5
16.Nc5 Qc8 17.Rfc1 Bxd3 18.Nxd3 Nf5 19.a4 Nd6 20.Nd2 Bf8 21.Qd1 Qd8 22.Nc5 Ra7
23.Qc2 Nd7 24.Re1 Nb6 25.Bxd6 Bxd6 26.a5 Na8 27.e4 dxe4 28.Ndxe4 Be7 29.Re2 Nc7
30.Rbe1 Rf8 31.Qc4 Nd5 32.Nc3 b6 33.axb6 Nxb6 34.Qb3 Bf6 35.Rd1 Re8 36.Rxe8+ Qxe8
37.N3e4 Bg7 38.Nc3 Qd8 39.Qa2 h6 40.g3 Qa8 41.Qb3 Re7 42.Qa2 Ra7 43.Qb1 Nc4
44.Qb3 Nd6 45.d5 a5 46.dxc6 Qxc6 47.Rxd6 Qxd6 48.Nb5 Qb6 49.Nxa7 Qxa7 50.Qa4 Bf8
51.Qe8 Qe7 52.Qa8 axb4 53.Nb3 Qe6 54.Nc5 Qf5 55.Ne4 b3 56.Kg2 b2 57.Qb7 Bg7
58.Qb8+ Kh7 59.Qb7 Bd4 60.g4 Qf4 61.Kf1 Qf3 62.g5 b1=B  0-1

[Event "Aeroflot Open"]
[Site "Moscow RUS"]
[Date "2007.02.21"]
[Round "8"]
[White "Korotylev,A"]
[Black "Khairullin,I"]
[Result "1/2-1/2"]
[WhiteElo "2615"]
[BlackElo "2586"]

1.d4 Nf6 2.c4 e6 3.Nf3 d5 4.Nc3 Be7 5.Bf4 O-O 6.e3 Nbd7 7.a3 c5 8.cxd5 Nxd5
9.Nxd5 exd5 10.dxc5 Nxc5 11.Be5 Bf6 12.Be2 Bxe5 13.Nxe5 Ne6 14.Nf3 Qf6 15.Qd2 Rd8
16.Rd1 d4 17.Nxd4 Nxd4 18.exd4 Bd7 19.Qd3 Bc6 20.O-O Rd6 21.Rd2 Qg5 22.g3 Qd5
23.f3 Re8 24.Qc3 h5 25.Bc4 Qg5 26.d5 Bd7 27.Qd4 h4 28.g4 h3 29.Be2 f5  1/2-1/2

[Event "Bundesliga 2006-7"]
[Site "Tegernsee GER"]
[Date "2007.02.25"]
[Round "11"]
[White "Muse,D"]
[Black "Boensch,U"]
[Result "1/2-1/2"]
[WhiteElo "2407"]
[BlackElo "2523"]

1.Nf3 d5 2.c4 e6 3.d4 Nf6 4.Nc3 Be7 5.Bf4 O-O 6.e3 b6 7.Bd3 dxc4 8.Bxc4 Bb7
9.O-O Bd6 10.Bg5 h6 11.Bh4 Nbd7 12.Rc1 a6 13.Qe2 Qb8 14.Rfd1 b5 15.Bd3 c5
16.dxc5 Bxc5 17.Bg3 Qa7 18.Bb1 Rfc8 19.Ne5 Nf8 20.Bh4 Be7 21.Bxf6 Bxf6 22.Nd7 Bxc3
23.Rxc3 Rxc3 24.bxc3 Bd5 25.Nxf8 Rxf8 26.Qd3 f5 27.Qd4 Qxd4 28.cxd4 Rc8 29.f3 Kf7
30.e4 fxe4 31.fxe4 Bc4 32.Kf2 Ke7 33.Ke3 Rf8 34.Bd3 Bxd3 35.Rxd3 Rc8 36.Ra3 Rc6
37.h4 Kd6 38.Kf4 Rb6 39.Rc3 Rb8 40.e5+ Kd7 41.Ke4 b4 42.Rg3 Rg8 43.d5 exd5+
44.Kxd5 g5 45.Rg4 a5 46.Rc4 Rg6 47.hxg5 Rxg5 48.g4 h5 49.gxh5 Rxh5 50.Rc5 a4
51.Ra5 a3 52.Ra7+ Kc8 53.Kc6 Rh6+ 54.Kc5 Rh2 55.Kxb4 Rxa2 56.Kc5 Rc2+ 57.Kd6 Rd2+
58.Ke7 a2 59.e6 Kb8 60.Ra3 Kc7 61.Ke8 Re2 62.e7 Rf2 63.Rc3+ Kb7 64.Rc1 Rb2
65.Kd7 Rd2+ 66.Ke6  1/2-1/2

[Event "TCh-NED 2006-7"]
[Site "Netherlands NED"]
[Date "2007.03.03"]
[Round "6"]
[White "Khenkin,I"]
[Black "Ljubojevic,L"]
[Result "1-0"]
[WhiteElo "2611"]
[BlackElo "2554"]

1.d4 Nf6 2.c4 e6 3.Nf3 d5 4.Nc3 Be7 5.Bf4 O-O 6.e3 b6 7.cxd5 exd5 8.Bd3 Bb7
9.Ne5 c5 10.Qf3 cxd4 11.exd4 Nc6 12.Nxc6 Bxc6 13.O-O Qd7 14.Rfe1 Rfe8 15.h3 b5
16.Rac1 b4 17.Ne2 Bf8 18.Rc2 Qe6 19.Be5 Nd7 20.Nf4 Qh6 21.Rec1 Nxe5 22.dxe5 Bd7
23.Nxd5 Rad8 24.Qg3 Kh8 25.Nc7 Re7 26.f4 f6 27.Nd5 Rf7 28.Re1 fxe5 29.fxe5 Be6
30.Nc7 Bxa2 31.e6 Re7 32.b3 Bxb3 33.Rb2 Bxe6 34.Rbe2 Red7 35.Nxe6 Rxd3 36.Qf2 Qf6
37.Qxa7 Re8 38.Rf1 Qe7  1-0

[Event "64th ch-GEO w"]
[Site "Tbilisi GEO"]
[Date "2007.03.05"]
[Round "4"]
[White "Batsiashvili,N"]
[Black "Melia,S"]
[Result "1/2-1/2"]
[WhiteElo "2310"]
[BlackElo "2400"]

1.d4 d5 2.c4 e6 3.Nc3 Be7 4.Nf3 Nf6 5.Bf4 c5 6.dxc5 Bxc5 7.e3 Nc6 8.Be2 O-O
9.O-O dxc4 10.Bxc4 Nh5 11.Qxd8 Rxd8 12.Bg5 Be7 13.Bxe7 Nxe7 14.Ne5 Bd7 15.Ne4 Be8
16.Rfd1 Nc6 17.Nf3 Kf8 18.Nd6 Rab8 19.Bb5 a6 20.Be2 Nf6 21.Rac1 Ke7 22.Nxe8 Kxe8
23.Kf1 Rbc8 24.Rxd8+ Kxd8 25.Ng5 Rc7 26.Bf3 Ne5 27.Rxc7 Kxc7 28.Be2 h6 29.Nf3 Nxf3
30.Bxf3 b6 31.Ke2 Kd6 32.Kd3 Kc5 33.Kc3  1/2-1/2

[Event "Victor Ciocaltea Mem"]
[Site "Bucharest ROM"]
[Date "2007.03.09"]
[Round "4"]
[White "Shishkin,Va UKR"]
[Black "Benkovic,P"]
[Result "1/2-1/2"]
[WhiteElo "2474"]
[BlackElo "2433"]

1.d4 d5 2.c4 e6 3.Nf3 Nf6 4.Nc3 Be7 5.Bf4 O-O 6.e3 Nbd7 7.a3 c5 8.cxd5 Nxd5
9.Nxd5 exd5 10.dxc5 Nxc5 11.Be5 Bf6 12.Bxf6 Qxf6 13.Qd4 Qd6 14.Rd1 Rd8 15.b4 Ne6
16.Qb2 a5 17.Bd3 axb4 18.axb4 h6 19.O-O Qe7 20.Rd2 Bd7 21.Be2 Bc6 22.Rfd1 b6
23.Nd4 Bb7 24.Rc2 Rac8 25.Rxc8 Rxc8 26.Nf5 Qf8 27.Qe5 Rd8 28.b5 g6 29.Qg3 Kh7
30.Nd4 Nxd4 31.Rxd4 Qd6 32.Qxd6 Rxd6 33.f4 Kg7 34.Kf2 Kf8 35.Ke1 Ke7 36.Kd2 Rd7
37.g4 g5 38.Ra4 Kd6 39.fxg5 hxg5 40.Ra1 f6 41.Rf1 Ke5 42.Bd3 Rd8 43.Rf5+ Ke6
44.h4 gxh4 45.Rh5 Bc8 46.Rxh4 Ke5  1/2-1/2

[Event "ch-SRB"]
[Site "Vrsac SRB"]
[Date "2007.03.14"]
[Round "10"]
[White "Solak,D"]
[Black "Miladinovic,I"]
[Result "0-1"]
[WhiteElo "2564"]
[BlackElo "2607"]

1.d4 d5 2.c4 e6 3.Nc3 Nf6 4.Nf3 Be7 5.Bf4 a6 6.e3 dxc4 7.Bxc4 b5 8.Bd3 Bb7
9.Qc2 Nbd7 10.Rd1 Rc8 11.a4 c5 12.axb5 Bxf3 13.gxf3 cxd4 14.exd4 axb5 15.Bxb5 Nd5
16.Bg3 O-O 17.O-O N7b6 18.Qb3 h5 19.Ba6 Ra8 20.Bb7 Ra7 21.Bxd5 exd5 22.Ra1 Rd7
23.Rfd1 h4 24.Be5 Bg5 25.Ra6 Nc4 26.f4 Qc8 27.Rda1 Rd6 28.fxg5 Rxa6 29.Rxa6 Qxa6
30.Nxd5 Nxe5 31.Ne7+ Kh8 32.dxe5 Rd8 33.Qxf7 Rd1+ 34.Kg2 Qf1+ 35.Kf3 Qh3+
36.Ke4 Qg4+ 37.f4 Re1+ 38.Kd5 Qd7+ 39.Kc5 Rc1+ 40.Kb6 Qd4+ 41.Kb7 Qxb2+ 42.Ka8 Ra1+
43.Qa2 Rxa2+  0-1

[Event "Bundesliga 2006-7"]
[Site "Solingen GER"]
[Date "2007.03.17"]
[Round "12"]
[White "Volke,K"]
[Black "Appel,R"]
[Result "1-0"]
[WhiteElo "2490"]
[BlackElo "2507"]

1.d4 Nf6 2.c4 e6 3.Nc3 d5 4.Nf3 Be7 5.Bf4 O-O 6.e3 c6 7.c5 Nbd7 8.Bd3 Nh5
9.O-O Re8 10.b4 Bf6 11.Bd6 g6 12.Ne5 Be7 13.Bxe7 Rxe7 14.f4 Nf8 15.g4 Ng7
16.g5 Nf5 17.Qd2 h6 18.Qf2 hxg5 19.fxg5 Nd7 20.Ng4 Kg7 21.e4 dxe4 22.Nxe4 Qh8
23.Nef6 Qh3 24.Rad1 Kf8 25.Qf4 Nxf6 26.gxf6 Re8 27.Ne5 Rd8 28.Bxf5 exf5 29.Rd3 Qh8
30.Qg5 Re8 31.Rf4 Re6 32.Rh4 Qxf6 33.Qxf6 Rxf6 34.Rh8+ Ke7 35.Re3 f4 36.Nxg6+  1-0

[Event "zt 2.5 m"]
[Site "San Luis ARG"]
[Date "2007.03.19"]
[Round "1"]
[White "Salas,Cr"]
[Black "Ojeda,Hec"]
[Result "1-0"]
[WhiteElo "2418"]
[BlackElo "2089"]

1.d4 d5 2.c4 e6 3.Nc3 Nf6 4.Nf3 Be7 5.Bf4 O-O 6.e3 c6 7.h3 Nbd7 8.c5 Ne4
9.Nxe4 dxe4 10.Ne5 Nxe5 11.Bxe5 Qd5 12.Qc2 b6 13.Bc4 Qd8 14.O-O b5 15.Bb3 f5
16.a4 b4 17.a5 Bf6 18.Rfd1 Qe8 19.Qc4 Qg6 20.Bd6 Re8 21.Qxb4 Kh8 22.Ba4 f4
23.exf4 e5 24.dxe5 Bxh3 25.g3 e3 26.Ra3 e2 27.Re1 Bf1 28.Bxc6 Rac8 29.Bxe8 Qxe8
30.exf6 Qc6 31.fxg7+ Kxg7 32.Qd4+ Kf7 33.f3 Rg8 34.f5 h5 35.Re3 Rg4 36.Qh8 Qxd6
37.Qxh5+  1-0

[Event "Open"]
[Site "Zagreb CRO"]
[Date "2007.03.21"]
[Round "5"]
[White "Bukal,V jr"]
[Black "Sitnik,I"]
[Result "1-0"]
[WhiteElo "2438"]
[BlackElo "2222"]

1.d4 d5 2.c4 e6 3.Nc3 Be7 4.Nf3 Nf6 5.Bf4 O-O 6.e3 c6 7.Qc2 Nbd7 8.a3 a5
9.h3 Re8 10.cxd5 exd5 11.Nb5 cxb5 12.Bc7 Bb4+ 13.axb4 Qe7 14.bxa5 Ra6 15.Qb3 Rc6
16.Bh2 b4 17.Bb5 Re6 18.O-O Ne4 19.Rac1 Rg6 20.Kh1 Qe6 21.Qc2 h6 22.Qc7 Rf8
23.Bxd7 Qxd7 24.Qxd7 Bxd7 25.Ne5 Rd6 26.f3 Nf6 27.Ng6 Ra6 28.Nxf8 Kxf8 29.Be5 Ke7
30.Rc7 Rxa5 31.Bxf6+ gxf6 32.Rxb7  1-0

[Event "Open"]
[Site "Zagreb CRO"]
[Date "2007.03.21"]
[Round "5"]
[White "Takac,Z"]
[Black "Vucic,Mi"]
[Result "1-0"]
[WhiteElo "2142"]
[BlackElo "1928"]

1.d4 d5 2.Nf3 Nf6 3.c4 e6 4.Nc3 Be7 5.Bf4 O-O 6.Rc1 c5 7.e3 Nc6 8.Bd3 b6
9.O-O Bb7 10.cxd5 exd5 11.h3 Re8 12.Nb5 Rf8 13.Qe2 a6 14.Nc3 Re8 15.dxc5 bxc5
16.Rfd1 Qb6 17.Bg5 Rad8 18.Bxf6 Bxf6 19.Na4 Qb4 20.Nxc5 Bxb2 21.Nxb7 Qxb7
22.Rb1 Rb8 23.Rd2 Qe7 24.Rdxb2 Rxb2 25.Qxb2 f6 26.Qc2 Rc8 27.Bxh7+ Kh8 28.Bf5 Rc7
29.Qa4 Qe8 30.Nd4 Qe5 31.Bg6 Ne7 32.Qe8+ Ng8 33.Qxg8+  1-0

[Event "Vladimir Zak mem"]
[Site "St Petersburg RUS"]
[Date "2007.03.26"]
[Round "3"]
[White "Torshin,An"]
[Black "Svidinsky,D"]
[Result "1-0"]
[WhiteElo "2132"]
[BlackElo "2016"]

1.d4 d5 2.c4 e6 3.Nc3 Be7 4.Nf3 Nf6 5.Bf4 O-O 6.e3 c5 7.Rc1 b6 8.cxd5 exd5
9.Bd3 Nc6 10.O-O Bb7 11.Bb1 cxd4 12.exd4 h6 13.Ne5 a6 14.Ng4 Nxg4 15.Qxg4 Nxd4
16.Bxh6 Bf6 17.Rcd1 Ne6 18.Rfe1 Re8 19.Bc1 Nc5 20.Qh3 g6 21.b4 Rxe1+ 22.Rxe1 Ne4
23.Nxe4 dxe4 24.Qg4 Qd4 25.a3 Rd8 26.Ba2 Kg7 27.Qf4 Bd5 28.Be3 Qc3 29.Rc1 Bxa2
30.Qh6+ Kg8 31.h3 Qe5 32.Bxb6 Re8 33.Be3 Bg7 34.Qh4 Qf6 35.Qg3 Qe5 36.Bf4 Qe6
37.Rd1 Rc8 38.Rd6 Qe8 39.Rxa6 Be6 40.a4 Ra8 41.Rxa8 Qxa8 42.a5 Qb7 43.Bd6 Qa6
44.Bc5 Qb5 45.Qh4 Qd3 46.Qg5 Qd5 47.Qe3 Qd1+ 48.Kh2 Be5+ 49.g3 Qd3 50.Qg5 e3
51.Qxe5 e2 52.a6 Bd5 53.Bd4 Qxd4 54.Qxd4 e1=Q 55.Qxd5 Qxf2+ 56.Qg2 Qb6 57.Qa2 Qa7
58.b5  1-0

[Event "8th ch-Euro w"]
[Site "Dresden GER"]
[Date "2007.04.03"]
[Round "1"]
[White "Foisor,S"]
[Black "Von Wantoch Rekowski,D"]
[Result "0-1"]
[WhiteElo "2342"]
[BlackElo "2124"]

1.d4 d5 2.c4 e6 3.Nc3 Be7 4.Nf3 Nf6 5.Bf4 c6 6.e3 Nbd7 7.h3 Nf8 8.Bd3 Ng6
9.Bh2 Bd6 10.O-O O-O 11.Rc1 Bxh2+ 12.Nxh2 dxc4 13.Bxc4 e5 14.Nf3 Qe7 15.Qc2 Ne8
16.Bb3 Nd6 17.dxe5 Nxe5 18.Nxe5 Qxe5 19.Qe2 Bf5 20.Rcd1 Ne4 21.Nxe4 Bxe4
22.Rd7 Rad8 23.Rfd1 Rxd7 24.Rxd7 c5 25.Qd2 g6 26.Rd6 b5 27.f4 Qf5 28.Bd1 c4
29.Qd4 Ba8 30.a4 bxa4 31.Bxa4 Qb1+ 32.Kh2 Qf1 33.Bc6 Bxc6 34.Rxc6 Re8 35.Rxc4 Qf2
36.Qxa7 Rxe3 37.Rc8+ Kg7 38.Qd4+ Kh6 39.Rc1 Rxh3+ 40.Kxh3 Qxd4 41.Rf1 Qxb2
42.Rf3 Kg7 43.Kh2 Kf6 44.Rh3 h5 45.Rf3 Kf5 46.Kg3 Qe2 47.Ra3 h4+ 48.Kh2 Kxf4
49.Rh3 g5 50.Ra3 g4 51.Ra1 h3 52.Rf1+ Kg5 53.Rg1 f5 54.Kh1 g3  0-1

[Event "8th ch-Euro"]
[Site "Dresden GER"]
[Date "2007.04.04"]
[Round "2"]
[White "Atalik,S"]
[Black "Becker,Mart"]
[Result "1-0"]
[WhiteElo "2586"]
[BlackElo "2332"]

1.d4 d5 2.c4 e6 3.Nf3 Nf6 4.Nc3 Be7 5.Bf4 O-O 6.Qc2 Nc6 7.e3 Nb4 8.Qd1 dxc4
9.Bxc4 a6 10.O-O b5 11.Be2 Nbd5 12.Nxd5 Nxd5 13.Be5 c5 14.dxc5 Bxc5 15.e4 Nf6
16.Qc2 Qb6 17.Rac1 Nd7 18.Bg3 Be7 19.Rfd1 Nf6 20.Ne5 Rd8 21.Rxd8+ Bxd8 22.Qxc8 Rxc8
23.Rxc8 Nxe4 24.Nd7  1-0

[Event "8th ch-Euro w"]
[Site "Dresden GER"]
[Date "2007.04.05"]
[Round "3"]
[White "Kononenko,T"]
[Black "Kosintseva,N"]
[Result "1/2-1/2"]
[WhiteElo "2379"]
[BlackElo "2496"]

1.d4 Nf6 2.c4 e6 3.Nf3 d5 4.Nc3 Be7 5.Bf4 O-O 6.e3 c5 7.dxc5 Bxc5 8.Qc2 Nc6
9.a3 Qa5 10.Rd1 Bd7 11.Rd2 a6 12.cxd5 exd5 13.Be2 Be6 14.O-O Rac8 15.Rc1 h6
16.h3 b5 17.Qb1 Qb6 18.b4  1/2-1/2

[Event "8th ch-Euro"]
[Site "Dresden GER"]
[Date "2007.04.05"]
[Round "3"]
[White "Prusikin,M"]
[Black "Khalifman,A"]
[Result "1/2-1/2"]
[WhiteElo "2571"]
[BlackElo "2619"]

1.d4 Nf6 2.c4 e6 3.Nf3 d5 4.Nc3 Be7 5.Bf4 O-O 6.e3 c5 7.dxc5 Bxc5 8.a3 Nc6
9.Qc2 Qa5 10.Nd2 Be7 11.Bg3 Bd7 12.Rd1 Rfc8 13.Qd3 Qb6 14.b4 Ng4 15.c5 Qd8
16.Be2 Nce5 17.Qb1 b6 18.h3 Nxe3 19.fxe3 Bh4 20.Bxh4 Qxh4+ 21.Kf1 bxc5 22.b5 Rab8
23.Nf3 Nxf3 24.gxf3 e5 25.Nxd5 Bxh3+ 26.Rxh3 Qxh3+ 27.Kf2 Qh2+ 28.Kf1 Qh3+
29.Kf2 Qh2+  1/2-1/2

[Event "30th Open"]
[Site "San Sebastian ESP"]
[Date "2007.04.06"]
[Round "7"]
[White "Czakon,J"]
[Black "Dobrev,Nan"]
[Result "1-0"]
[WhiteElo "2482"]
[BlackElo "2467"]

1.d4 Nf6 2.c4 e6 3.Nf3 d5 4.Nc3 Be7 5.Bf4 O-O 6.e3 a6 7.Qc2 Nbd7 8.cxd5 exd5
9.Bd3 Re8 10.Ne5 Bd6 11.Nxd7 Qxd7 12.Bxd6 Qxd6 13.h3 Bd7 14.O-O Bc6 15.Rfd1 Re7
16.Rac1 Rae8 17.Qb3 g6 18.Rc2 Nh5 19.Be2 Ng7 20.Bf3 Rd8 21.Ne2 Ne6 22.Nc1 Ng5
23.Be2 Ne4 24.Bf1 Rde8 25.Nd3 Bb5 26.Nc5 c6 27.Nxe4 Rxe4 28.Bxb5 axb5 29.a4 b4
30.a5 f5 31.a6 f4 32.axb7 fxe3 33.fxe3 Rxe3 34.Rxc6 Qd7 35.Qxb4 Qxc6 36.b8=Q Rxb8
37.Qxb8+ Re8 38.Qf4 Rf8 39.Qg5 Rb8 40.Rc1 Qd6 41.Qd2 Kg7 42.Rf1 Rb3 43.Kh1 Qg3
44.Qa5 Rxb2 45.Qxd5 Kh6 46.Qa8 Rd2 47.Qf8+ Kh5 48.Qc5+ Qg5 49.Rf7 h6 50.Qc6 Qe3
51.Qd5+ Kh4  1-0

[Event "30th Open"]
[Site "San Sebastian ESP"]
[Date "2007.04.06"]
[Round "7"]
[White "Czakon,J"]
[Black "Dobrev,Nan"]
[Result "1-0"]
[WhiteElo "2482"]
[BlackElo "2467"]

1.d4 Nf6 2.c4 e6 3.Nf3 d5 4.Nc3 Be7 5.Bf4 O-O 6.e3 a6 7.Qc2 Nbd7 8.cxd5 exd5
9.Bd3 Re8 10.Ne5 Bd6 11.Nxd7 Qxd7 12.Bxd6 Qxd6 13.h3 Bd7 14.O-O Bc6 15.Rfd1 Re7
16.Rac1 Rae8 17.Qb3 g6 18.Rc2 Nh5 19.Be2 Ng7 20.Bf3 Rd8 21.Ne2 Ne6 22.Nc1 Ng5
23.Be2 Ne4 24.Bf1 Rde8 25.Nd3 Bb5 26.Nc5 c6 27.Nxe4 Rxe4 28.Bxb5 axb5 29.a4 b4
30.a5 f5 31.a6 f4 32.axb7 fxe3 33.fxe3 Rxe3 34.Rxc6 Qd7 35.Qxb4 Qxc6 36.b8=Q Rxb8
37.Qxb8+ Re8 38.Qf4 Rf8 39.Qg5 Rb8 40.Rc1 Qd6 41.Qd2 Kg7 42.Rf1 Rb3 43.Kh1 Qg3
44.Qa5 Rxb2 45.Qxd5 Kh6 46.Qa8 Rd2 47.Qf8+ Kh5 48.Qc5+ Qg5 49.Rf7 h6 50.Qc6 Qg3
51.Qd5+ Kh4 52.Qe4+ Kh5 53.Rf1 Qg5 54.g4+ Kh4 55.Qe1+ Kxh3 56.Rf3+  1-0

[Event "8th ch-Euro w"]
[Site "Dresden GER"]
[Date "2007.04.07"]
[Round "5"]
[White "Nill,J"]
[Black "Melia,S"]
[Result "1/2-1/2"]
[WhiteElo "2283"]
[BlackElo "2400"]

1.d4 d5 2.c4 e6 3.Nc3 Be7 4.Nf3 Nf6 5.Bf4 c5 6.dxc5 Bxc5 7.e3 Nc6 8.a3 O-O
9.Qc2 Qa5 10.Nd2 Be7 11.Rd1 e5 12.Bg5 d4 13.Nb3 Qb6 14.Bxf6 Bxf6 15.Nd5 Qd8
16.Bd3 g6 17.exd4 exd4 18.Nxf6+ Qxf6 19.O-O Bg4 20.Rd2 Rac8 21.Be4 Rfd8 22.h3 Be6
23.Rfd1 Ne5 24.Rxd4 Rxd4 25.Nxd4 Rxc4  1/2-1/2

[Event "8th ch-Euro"]
[Site "Dresden GER"]
[Date "2007.04.08"]
[Round "6"]
[White "Sedlak,N"]
[Black "Kuba,G"]
[Result "1-0"]
[WhiteElo "2561"]
[BlackElo "2403"]

1.d4 Nf6 2.c4 e6 3.Nc3 d5 4.Nf3 Be7 5.Bf4 O-O 6.e3 c5 7.dxc5 Bxc5 8.a3 Nc6
9.Qc2 Qe7 10.Rd1 Rd8 11.Bg5 d4 12.Ne4 dxe3 13.Rxd8+ Nxd8 14.Nxc5 Qxc5 15.Bxe3 Qc7
16.Be2 b6 17.O-O Bb7 18.Nd4 Nc6 19.Nb5 Qe7 20.Rd1 Ne5 21.Bf4 Nfd7 22.b4 Ng6
23.Bg3 f5 24.Nd6 Bxg2 25.Kxg2 f4 26.c5 bxc5 27.bxc5 Nde5 28.c6 Qc7 29.Nb5 Qxc6+
30.Qxc6 Nxc6 31.Bf3 Rc8 32.Nd6 Rc7 33.Rc1  1-0

[Event "8th ch-Euro w"]
[Site "Dresden GER"]
[Date "2007.04.09"]
[Round "7"]
[White "Atalik,E"]
[Black "Kosintseva,N"]
[Result "1/2-1/2"]
[WhiteElo "2374"]
[BlackElo "2475"]

1.d4 Nf6 2.c4 e6 3.Nf3 d5 4.Nc3 Be7 5.Bf4 O-O 6.e3 c5 7.dxc5 Bxc5 8.Qc2 Nc6
9.a3 Qa5 10.Rd1 Be7 11.Be2 dxc4 12.Bxc4 e5 13.Bg3 Bg4 14.O-O Rac8 15.Rc1 a6
16.Ba2 g6 17.Qa4 Qxa4 18.Nxa4 Ne4 19.Bd5 Nxg3 20.hxg3 Bf6 21.Nb6 Rc7 22.Bxc6 Rxc6
23.Nd5 Kg7 24.Nxf6 Kxf6 25.Rxc6+ bxc6 26.Nd2 Ke7 27.Rc1 Bd7 28.Rc5 f6 29.Kf1 Rb8
30.b4 Rb5 31.Rxb5 axb5 32.Ke2 Be6 33.Kd3 Bd5 34.e4 Be6 35.f4 Kd6 36.Nf3 h6
37.Ke3 g5 38.f5 Bf7 39.Nd2 h5 40.Kd3 Bg8 41.Kc3 Bf7 42.Kd3  1/2-1/2

[Event "8th ch-Euro w"]
[Site "Dresden GER"]
[Date "2007.04.09"]
[Round "7"]
[White "Danielian,E"]
[Black "Khurtsidze,N"]
[Result "1-0"]
[WhiteElo "2424"]
[BlackElo "2469"]

1.d4 Nf6 2.Nf3 d5 3.c4 e6 4.Nc3 Be7 5.Bf4 O-O 6.e3 c5 7.dxc5 dxc4 8.Bxc4 Bxc5
9.Qxd8 Rxd8 10.O-O Nc6 11.Rfd1 Bd7 12.Nb5 Na5 13.Bf1 a6 14.Bd6 Bb6 15.Nc3 Rdc8
16.Ne5 Be8 17.Rac1 Bd8 18.h3 b5 19.g4 Nd7 20.Nxd7 Bxd7 21.Bb4 Nc6 22.Rxd7 Nxb4
23.Bg2 Rab8 24.Rcd1 Bf6 25.Bb7 Rf8 26.Ne4 Bxb2 27.Rb1 Ba3 28.Rb3 f5 29.gxf5 exf5
30.Ng3 Nxa2 31.Rxa3 Nb4 32.Bg2 g6 33.Ne2 Rf7 34.Rd2 Rc7 35.Rb2 Rc4 36.Nd4 f4
37.Bf1  1-0

[Event "Elitzur Winter"]
[Site "Givataim ISR"]
[Date "2007.04.10"]
[Round "4"]
[White "Porat,I"]
[Black "Arlinsky,U"]
[Result "1-0"]
[WhiteElo "2348"]
[BlackElo "2295"]

1.d4 Nf6 2.c4 e6 3.Nf3 d5 4.Nc3 Be7 5.Bf4 O-O 6.e3 b6 7.cxd5 Nxd5 8.Nxd5 exd5
9.Bd3 Bb4+ 10.Nd2 c5 11.dxc5 bxc5 12.O-O c4 13.Nxc4 Nc6 14.Ne5 Nxe5 15.Bxe5 Bd6
16.Bxd6 Qxd6 17.Be4 Be6 18.Bf3 Qe5 19.Qd2 a5 20.Rac1 Rfb8 21.Rc3 a4 22.Rfc1 h6
23.h3 h5 24.R1c2 Ra7 25.Rd3 Qg5 26.Rd4 Rb5 27.h4 Qg6 28.Be2 Rb8 29.Qd1 a3
30.b3 Bf5 31.Rcd2 Kh7 32.Rxd5 Kh6 33.Bxh5 Qxh5 34.Qxh5+ Kxh5 35.Rxf5+ Kg6
36.Rdd5 Rxb3 37.axb3 a2 38.Rg5+ Kf6 39.Ra5  1-0

[Event "5th Arab Cities"]
[Site "Beirut LBN"]
[Date "2007.04.12"]
[Round "6"]
[White "El Gindy,E"]
[Black "Sarsam,S"]
[Result "1-0"]
[WhiteElo "2495"]
[BlackElo "2384"]

1.d4 d5 2.c4 e6 3.Nc3 Nf6 4.Nf3 Be7 5.Bf4 a6 6.c5 Nc6 7.e3 O-O 8.h3 b6 9.cxb6 cxb6
10.Bd3 Bb7 11.Rc1 Rc8 12.O-O Na5 13.Qe2 b5 14.Rc2 Nc4 15.Rfc1 Qa5 16.Bxc4 dxc4
17.a3 Ne4 18.Nd2 Nxd2 19.Rxd2 Qb6 20.e4 a5 21.a4 b4 22.Nb5 c3 23.bxc3 bxc3
24.Rd3 Bb4 25.Rg3 f6 26.d5 exd5 27.exd5 Bxd5 28.Bh6 g6 29.Bxf8 Kxf8 30.Nxc3 Bf7
31.Rb1 Qc6 32.Qb5 Qc4 33.Qxc4 Rxc4 34.Nb5 Rc2 35.Rf3 f5 36.Rd1 Be8 37.Nd4 Rc8
38.g4 Bxa4 39.Ra1 Bd7 40.gxf5 g5 41.Ne6+ Bxe6 42.fxe6+ Ke7 43.Rf7+ Kxe6 44.Rxh7 Rc2
45.Kg2 Bc5 46.Rxa5 Rxf2+ 47.Kg3 Rc2 48.Rh6+ Kf7 49.Rh7+  1-0

[Event "8th ch-Euro"]
[Site "Dresden GER"]
[Date "2007.04.12"]
[Round "9"]
[White "Grigoriants,S RUS"]
[Black "Polak,T"]
[Result "1/2-1/2"]
[WhiteElo "2594"]
[BlackElo "2510"]

1.Nf3 Nf6 2.c4 e6 3.d4 d5 4.Nc3 Be7 5.Bf4 O-O 6.e3 Nbd7 7.Qc2 c5 8.dxc5 Nxc5
9.a3 Bd7 10.Ne5 Be8 11.Be2 Rc8 12.O-O Ncd7 13.Rfd1 Qb6 14.Nxd7 Bxd7 15.Be5 Rfd8
16.cxd5 Nxd5 17.Nxd5 exd5 18.Qd2 Bf5 19.Rac1 Qg6 20.g3 Bc2 21.Re1 a6 22.Bc3 Be4
23.Ba5 b6 24.Bb4 Bxb4 25.Qxb4 Qf6 26.f3 a5 27.Qd4 Qxd4 28.exd4 Bf5 29.Ba6 Ra8
30.Bb5 Rac8 31.Ba6 Ra8 32.Bb7 Ra7 33.Bc6 Rc7 34.Bb5 Rxc1 35.Rxc1 Rc8 36.Rxc8+ Bxc8
37.Kf2 Kf8 38.Ke3 Ke7 39.Kf4 f6 40.h4 h6 41.h5 Be6 42.Bd3 Bd7 43.g4 Kd6 44.Bf5 Ba4
45.Bd3 Bd7 46.Bf5  1/2-1/2

[Event "FSGM April"]
[Site "Budapest HUN"]
[Date "2007.04.14"]
[Round "8"]
[White "Bui Vinh"]
[Black "Rombaldoni,D"]
[Result "1-0"]
[WhiteElo "2483"]
[BlackElo "2368"]

1.d4 d5 2.c4 e6 3.Nf3 Nf6 4.Nc3 Be7 5.Bf4 O-O 6.e3 c5 7.cxd5 cxd4 8.Qxd4 exd5
9.Be2 Nc6 10.Qd2 Bb4 11.O-O Ne4 12.Qc2 Bxc3 13.bxc3 Bf5 14.Qb2 Qb6 15.Qxb6 axb6
16.Rfc1 Ra3 17.Nd4 Nxd4 18.cxd4 g5 19.Bc7 Nc3 20.Bf1 Rxa2 21.Rxa2 Nxa2 22.Ra1 Rc8
23.Bxb6 Rc1 24.Rxc1 Nxc1 25.Bb5 Bd3 26.Bd7 Ne2+ 27.Kh1 Nc3 28.Ba5 Nd1 29.Kg1 b5
30.Bc6 Nb2 31.Bxd5 Bc4 32.Bc6 Nd3 33.d5 Ne5 34.Bb7 Kf8 35.f4 gxf4 36.exf4 Nd7
37.d6 f5 38.Kf2 Kf7 39.Ke3 Ke6 40.Bb4 Bd5 41.Ba6 Bc6 42.Kd4 Nb8 43.Bc8+ Nd7
44.g3 Kf6 45.Ba5 Ke6 46.Bc7 h6 47.Kc3 Kd5 48.Kb4 Ke6 49.h3 h5 50.h4 Kd5 51.Ba6 Nf6
52.Bxb5 Bxb5 53.Kxb5 Nd7 54.Kb4 Nf8 55.Kc3 Nd7 56.Kb3 Nf8 57.Kb4 Nd7 58.Kb5 Nc5
59.Ba5 Nd7 60.Bb4 Ke6 61.Kc6 Nb8+ 62.Kb7 Nd7 63.Kc7 Nf6 64.Ba3 Nd5+ 65.Kc6 Nf6
66.Bb2 Nd7 67.Bd4 Nb8+ 68.Kb7 Nd7 69.Kc7 Nf8 70.Ba1 Nd7 71.Bb2 Nc5 72.Be5 Na6+
73.Kc8 Nc5 74.Kd8 Ne4 75.Ke8 Nc5 76.Kf8 Ne4 77.Kg7 Nxg3 78.Kg6 Ne4 79.Kxh5 Nd2
80.Kg6 Nf3 81.Bf6 Ne1 82.h5 Nd3 83.Bg5  1-0